000 00545nam a22001937a 4500
003 OSt
005 20160614174729.0
008 160614b xxu||||| |||| 00| 0 eng d
020 _a0721663214
040 _cDNLM.
082 _aQV4592p 1999.
100 _aSnyder,Katherine;Keegan,Chris;
_99390
245 _aPharmacology for the Surgical Technologist,
260 _aphiladelphia.
_bSaunders.
_c1999.
300 _axiii,268p;
_bcol,ill;
_c26cm
504 _aincludes index and bibliography.
650 _aPharmacology.
_9357
942 _2z
_cO_SHELF
999 _c4356
_d4356